00667 2200229 4500001002100000005001700021008004100038020002200079035002400101040001200125082001100137084001700148100002200165245009100187250001100278260003400289300003700323650002900360700001500389850001200404990002100416INLIS00000000002036320170110100538.0  a978-979-794-114-7 0010-051600000000797 aYOPDYOG a006.76 a006.76 Hap C aHAPPY CHANDRALEKA aCara mudah mengelola e-mail untuk pemulac/ Happy Chandraleka ; penyunting, Sudarma S. aCet. 2 aJakartabEdward Grajedac2008 axiii, 116 hlm.b: ilus.c; 19 cm aEmail (Program Internet) aSudarma S. aYOPDYOG a1371-RBM/PD.A.16